UBT Library

The Design and Placing of High Quality Concrete (Record no. 57827)

000 -LEADER
fixed length control field 00314nam a22001337a 4500
008 - FIXED-LENGTH DATA ELEMENTS--GENERAL INFORMATION
fixed length control field 210531b ||||| |||| 00| 0 eng d
041 ## - LANGUAGE CODE
Language code of text/sound track or separate title eng
080 ## - UNIVERSAL DECIMAL CLASSIFICATION NUMBER
Edition identifier 2nd
Universal Decimal Classification number 330
082 ## - DEWEY DECIMAL CLASSIFICATION NUMBER
Classification number 330
100 ## - Rafti
Rafti 56
101 ## - Shkurtesa
Shkurtesa BIZ
245 ## - TITLE STATEMENT
Title The Design and Placing of High Quality Concrete
Statement of responsibility, etc Stewart,D.A
942 ## - ADDED ENTRY ELEMENTS (KOHA)
Source of classification or shelving scheme
Item type Books

No items available.

UBT Library © 2015-2024. All rights reserved University Education for Business and Technology